Intravenous medications : (Record no. 20022)
[ view plain ]
| 000 -LEADER | |
|---|---|
| fixed length control field | 00558nam a2200169 a 4500 |
| 005 - DATE AND TIME OF LATEST TRANSACTION | |
| control field | 20140310183207.0 |
| 008 - FIXED-LENGTH DATA ELEMENTS--GENERAL INFORMATION | |
| fixed length control field | 030203s19uu xx 00 eng d |
| 050 ## - LIBRARY OF CONGRESS CALL NUMBER | |
| Classification number | RM 170 |
| Item number | .G33 2003 |
| 100 ## - MAIN ENTRY--PERSONAL NAME | |
| Personal name | Gahart, Betty L. |
| 245 ## - TITLE STATEMENT | |
| Title | Intravenous medications : |
| Remainder of title | a handbook for nurses and allied health professionals / |
| Statement of responsibility, etc | Betty L. Gahart. |
| 521 ## - TARGET AUDIENCE NOTE | |
| Target audience note | |
| 650 ## - SUBJECT ADDED ENTRY--TOPICAL TERM | |
| Topical term or geographic name as entry element | Intravenous theraphy |
| General subdivision | handbooks, manuals, etc. |
| 650 ## - SUBJECT ADDED ENTRY--TOPICAL TERM | |
| Topical term or geographic name as entry element | Infusions, intravenous |
| General subdivision | handook, manuals, etc. |
| 650 ## - SUBJECT ADDED ENTRY--TOPICAL TERM | |
| Topical term or geographic name as entry element | Injections, intravenous |
| 942 ## - ADDED ENTRY ELEMENTS (KOHA) | |
| Koha item type | Books |
| Source of classification or shelving scheme | Library of Congress Classification |
| Call number prefix | Foreign |
| Withdrawn status | Lost status | Source of classification or shelving scheme | Damaged status | Home library | Current library | Shelving location | Date acquired | Total Checkouts | Full call number | Barcode | Date last seen | Copy number | Price effective from | Koha item type |
|---|---|---|---|---|---|---|---|---|---|---|---|---|---|---|
| Library of Congress Classification | College Library | College Library | General Circulation Section | 02/19/2010 | RM 170 .G33 2003 | C1948 | 05/15/2018 | 1 | 10/10/2013 | Books |